Responses for Show #1284 - Thursday, March 15, 1990

Missing introductions.

Contestants

[<< previous game]

Cathy Clark, from

Jim Hall, an archaeologist from Imperial Beach, California

Phil Leib, a typographer from Westfield, New Jersey (whose 2-day cash winnings total $19,001)

[next game >>]

Jeopardy! Round responses

IN THE NEWS
FLOWERS
THE OLD TESTAMENT
AVIATION
6-LETTER WORDS
1983 MOVIES
    $100 1
(Jim: Uh, what are wings?)
(Phil: What are drumsticks?)
(Cathy: What are breasts?)

chicken feet

PhilJimCathy
Triple Stumper
    $100 18
(Alex: We have a minute to go.)

the dahlia

Cathy
    $100 5
prophets

Jim
    $100 12
vertically

Cathy
    $100 9
pretty

Jim
    $100 17
(Phil: Who is Eddie Murphy?)

Rodney Dangerfield

Phil
Triple Stumper
    $200 2
Yosemite

Jim
    $200 23
carnation

Jim
    $200 6
bread

Jim
    $200 10
circus

Triple Stumper
    $200 19
The Right Stuff

Cathy
    $300 3
Puerto Rico

Phil
    $300 24
(Cathy: What is a daisy?)

a dandelion

JimCathy
    $300 7
blood

Phil
    $300 11
(Alex: [After audience and contestant reaction] They didn't like that, writers.)

heyday

Triple Stumper
    $300 20
Yentl

Phil
    $400 4
The Rolling Stones

Cathy
    $400 25
[The end-of-round signal sounds.]

baby's breath

Cathy
    $400 13
What hath God wrought

Phil
    $400 14
random

Phil
    $400 21
National Lampoon's Vacation

Cathy
    $500 8
(Jim: Who is Nakasone?)
...
(Alex: The reference there to "number one man".)

Sosuke Uno

Jim
Triple Stumper
    $1,000 16
Daniel

Phil
    $500 15
jovial

Phil
    $500 22
Tom Selleck

Cathy

Scores at the first commercial break (after clue 13):

Phil Jim Cathy
$900 $0 $400

Scores at the end of the Jeopardy! Round:

Phil Jim Cathy
$3,000 $500 $1,700

Double Jeopardy! Round responses

19TH CENTURY AMERICA
MUSEUMS
PEOPLE
WORLD GEOGRAPHY
OPERA
LITERARY QUOTES
    $200 17
Alaska

Jim
    $200 1
New Orleans

Jim
    $200 5
Bill Murray

Cathy
    $200 9
the equator

Phil
    $200 13
the radio

Phil
    $200 22
Edgar Rice Burroughs

Jim
    $400 18
voting machines

Phil
    $400 2
Casey Jones

Jim
    $400 6
Dian Fossey

Phil
    $400 10
Asia

Cathy
    $400 23
Hansel and Gretel

Cathy
    $400 24
H.H. Munro

Phil
    $600 19
the Cumberland Road

Triple Stumper
    $1,000 3
the Berlin Wall

Jim
    $600 8
Howard Baker

Phil
    $600 14
London

Phil
    $2,000 26
La traviata

Jim
    $600 25
(Thomas) Hardy

Jim
    $800 20
(Jim: Uh, who is Sam Houston?)

(1 of) William Travis or Jim Bowie

Jim
Triple Stumper
    $800 4
the British Museum

Cathy
    $800 11
David Byrne

Cathy
    $800 15
Estonia, Latvia & Lithuania

Jim
    $800 27
(Alex: It was The Saint of [*] Street.)

Bleecker

Triple Stumper
    $800 29
Willa Cather

Triple Stumper
    $1000 21
the Grangers (the Grange)

Phil
    $1000 7
the Uffizi Gallery

Jim
    $1000 12
Umberto Eco

Jim
    $1000 16
Argentina

Phil
    $1000 28
Die Fledermaus

Phil
    $1000 30
Ambrose Bierce

Phil

Scores at the end of the Double Jeopardy! Round:

Phil Jim Cathy
$9,800 $7,100 $4,300

[wagering suggestions for these scores]

Final Jeopardy! Round responses

EUROPE
(Alex: We come to Phil Leib, our champion; he's shaking his head.)
(Phil: I know it now.)
...
(Alex: And what is the correct response?)
(Phil: [*].)
CathyWhat is England &
$3,000
JimWhat are Romania & Rumania
$7,000
PhilWhat is
$4,401
Iceland & Ireland

Final scores:

Phil Jim Cathy
$5,399 $100 $1,300
3-day champion: $24,400 3rd place: Kosta Bod crystal stemware + Jeopardy! box game or computerized version 2nd place: trip to Southern California & stay Murrieta Hot Springs + Pinseeker golf clubs + Jeopardy! box game or computerized version

Game dynamics:

Coryat scores:

Phil Jim Cathy
$9,300 $5,300 $4,300
18 R
(including 1 DD),
2 W
16 R
(including 2 DDs),
3 W
12 R,
2 W

Combined Coryat: $18,900

[game clues] [game scores] [suggest correction]

Game tape date: 1989-10-24
The J! Archive is created by fans, for fans. Scraping, republication, monetization, and malicious use prohibited; this site may use cookies and collect identifying information. See terms. The Jeopardy! game show and all elements thereof, including but not limited to copyright and trademark thereto, are the property of Jeopardy Productions, Inc. and are protected under law. This website is not affiliated with, sponsored by, or operated by Jeopardy Productions, Inc. Join the discussion at JBoard.tv.